000 00559nam a2200217Ia 4500
003 OSt
005 20220927112751.0
006 a|||||r|||| 00| 0
007 ta
008 220926b |||||||| |||| 00| 0 eng d
024 _a152823
037 _cReports
040 _aRTL
_cRTL
_beng
041 _2eng
_aeng
082 _a"X46r2, J9"
110 _aIndian Posts and Telegraphs (Deptt-)
_9384123
245 0 _aAnnual report
700 _aIndian Posts and Telegraphs (Deptt-)
_9384124
942 _h"X46r2, J9"
_cCC
999 _c700600
_d700600